000 00751nam a2200265 a 4500
001 000081392
005 20200120224525.0
008 161121s2015 ck ||||gr|||| 000 ||spa d
020 _a9789588883878
041 0 _a*+spa
043 _as-ck---
090 _aAN
_bAMEC
100 1 _aAmengual, Claudia
245 1 0 _aCartagena /
_cClaudia Amengual.
250 _a1a. ed.
260 _aBogotá :
_bPenguin Random House : Alfaguara,
_c2015.
300 _a272 páginas.
500 _aIncluye índice
650 1 7 _aErrores en la literatura
_2LEMB
650 2 7 _aEsperanza en la literatura
_2LEMB
650 2 7 _aHumor en la literatura
_2LEMB
650 2 7 _aNovela colombiana
_2LEMB
650 2 7 _aLiteratura adulto
_2LEMB
651 7 _aCartagena (Colombia)
999 _c9804
_d9804